Schnelles Mathe-Quiz, nur ein kurzes Quiz 10 - Statistiken

Allgemein
  • Dieses Quiz wurde 120 mal gespielt
  • Das Durchschnittsergebnis liegt bei 15 aus 15
Antwortstatistiken
Hint Antwort % Korrekt
1 x 7 = 7
100%
2 x 7 = 14
99%
3 x 7 = 21
99%
5 x 7 = 35
99%
6 x 7 = 42
99%
7 x 7 = 49
98%
8 x 7 = 56
98%
10 x 7 = 70
98%
11 x 7 = 77
98%
4 x 7 = 28
97%
9 x 7 = 63
97%
12 x 7 = 84
96%
13 x 7 = 91
95%
14 x 7 = 98
95%
15 x 7 = 105
93%
Keine übereinstimmenden Quizze gefunden
Verteilung der Resultate
Anzahl Personen mit jedem Resultat
Perzentil nach korrekt beantworteten Fragen
Ihre Resultats-Entwicklung
Sie haben dieses Quiz noch nicht gespielt